Normal view
MARC view
Entry Personal Name
001 - CONTROL NUMBER
- control field: 489421
003 - CONTROL NUMBER IDENTIFIER
- control field: OSt
005 - DATE AND TIME OF LATEST TRANSACTION
- control field: 20220928135152.0
008 - FIXED-LENGTH DATA ELEMENTS
- fixed length control field: 220928|| aca||aabn | a|a d
040 ## - CATALOGING SOURCE
- Original cataloging agency: OSt
- Transcribing agency: OSt
100 ## - HEADING--PERSONAL NAME
- Personal name: Owen Roger Ed
670 ## - SOURCE DATA FOUND
- Source citation: Work cat.: (OSt)804723: Owen Roger Ed., Studies in the economic and social history of Palestine in the nineteenth and twentieth centuries, 1982
